Kritikal na pagbasa at lohikal na pagsulat tungo sa pananaliksik (batayan at sanayang-aklat sa Filipino 2, antas-tersarya, alinsunod sa komisyon sa lalong mataas na edukasyon)/ (Record no. 3566)

MARC details
000 -LEADER
fixed length control field 00616nam a22001577a 4500
003 - CONTROL NUMBER IDENTIFIER
control field OSt
005 - DATE AND TIME OF LATEST TRANSACTION
control field 20250710030024.0
008 - FIXED-LENGTH DATA ELEMENTS--GENERAL INFORMATION
fixed length control field 250710b |||||||| |||| 00| 0 eng d
020 ## - INTERNATIONAL STANDARD BOOK NUMBER
International Standard Book Number 978-971-821-114-4
040 ## - CATALOGING SOURCE
Original cataloging agency DWCL - Main lib
Transcribing agency OC
082 ## - DEWEY DECIMAL CLASSIFICATION NUMBER
Classification number Fil. 372.4 K89 2008
245 ## - TITLE STATEMENT
Title Kritikal na pagbasa at lohikal na pagsulat tungo sa pananaliksik (batayan at sanayang-aklat sa Filipino 2, antas-tersarya, alinsunod sa komisyon sa lalong mataas na edukasyon)/
260 ## - PUBLICATION, DISTRIBUTION, ETC.
Place of publication, distribution, etc. Valenzuela City:
Name of publisher, distributor, etc. Mutya Publishing house inc.,
Date of publication, distribution, etc. c2008
300 ## - PHYSICAL DESCRIPTION
Extent 295 pages :
Other physical details illustrations ;
Dimensions 26cm
942 ## - ADDED ENTRY ELEMENTS (KOHA)
Source of classification or shelving scheme Dewey Decimal Classification
Koha item type Book-Filipiniana
Call number prefix Fil.
Suppress in OPAC No
952 ## - LOCATION AND ITEM INFORMATION (KOHA)
--
Holdings
Withdrawn status Lost status Source of classification or shelving scheme Damaged status Not for loan Home library Current library Shelving location Date acquired Source of acquisition Total Checkouts Full call number Barcode Date last seen Copy number Price effective from Koha item type Uniform Resource Identifier
    Dewey Decimal Classification     College Library College Library Filipiniana 11/15/2017 Donation   Fil. 372.4 K89 2008 51675 07/10/2025 c1 07/10/2025 BK - FIL